الإسلام والعلم الحديث / (رقم التسجيلة. 89969)
[ عرض عادي ]
| 000 -الفاتح | |
|---|---|
| عناصر البيانات ثابتة الطول | 00605cam a2200181 i 4500 |
| 005 - تاريخ ووقت آخر معاملة | |
| حقل ضبط | 20251119102227.0 |
| 008 - عناصر البيانات ثابتة الطول | |
| عناصر البيانات ثابتة الطول | 250721s2003 jo gr 000 0 ara d |
| 082 14 - رقم تصنيف ديوي العشري | |
| رقم التصنيف | 210.45 |
| رقم المادة | ر د ا |
| 100 1# - مدخل رئيسي – اسم شخصي | |
| الاسم الشخصي | الردايده، أحمد حسن شحادة |
| علاقة الشخص بالعمل/ دوره | مؤلف. |
| 245 12 - بيان العنوان | |
| العنوان | الإسلام والعلم الحديث / |
| بيان المسؤولية | تأليف أحمد حسن شحادة الردايده. |
| 250 ## - بيان الطبعة | |
| بيان الطبعة | الطبعة الأولى. |
| 264 31 - بيانات النشر، التوزيع…إلخ | |
| مكان النشر، التوزيع...إلخ | اربد : |
| اسم الناشر، الموزع...إلخ | المؤلف، |
| تاريخ النشر، التوزيع...إلخ | 2003. |
| 300 ## - الوصف المادي | |
| عدد الوحدات المكونة للوعاء | 186 صفحة. |
| 650 17 - مدخل إضافي بالموضوع - مصطلح موضوعي | |
| مصطلح موضوعي أو اسم جغرافي كعنصر مدخل | الإسلام. |
| 650 17 - مدخل إضافي بالموضوع - مصطلح موضوعي | |
| مصطلح موضوعي أو اسم جغرافي كعنصر مدخل | العلوم. |
| 942 ## - بيانات إضافية (كوها) | |
| نوع التنصيف | Dewey Decimal Classification |
| نوع المادة (كوها) | كتب |
| حالة السحب | حالة الفقدان | مصدر التصنيف | حالة التلف | غير قابل للإعارة | المكتبة الرئيسية | المكتبة الحالية | موقع الرف | تاريخ التزويد | الرقم المتسلسل | Total Checkouts | رقم الإستدعاء | الباركود | تاريخ آخر ظهور | تاريخ الفاتورة | نوع المادة (كوها) |
|---|---|---|---|---|---|---|---|---|---|---|---|---|---|---|---|
| Dewey Decimal Classification | المكتبة المركزية | المكتبة المركزية | الإعارة | 28/07/2025 | 633674 | 210.45 / ر د ا | 633674 | 28/07/2025 | 28/07/2025 | كتب | |||||
| Withdrawn | Dewey Decimal Classification | المكتبة المركزية | المكتبة المركزية | الإعارة | 28/07/2025 | 633676 | 210.45/ردا | 633676 | 28/07/2025 | 28/07/2025 | كتب | ||||
| Dewey Decimal Classification | مكتبة أم قصير والمقابلين العامة | مكتبة أم قصير والمقابلين العامة | الإعارة | 28/07/2025 | 633717 | 210.45/ردا | 28/07/2025 | 28/07/2025 | كتب | ||||||
| Dewey Decimal Classification | مكتبة الأميرة ايمان العامة | مكتبة الأميرة ايمان العامة | الإعارة | 12/11/2013 | 633707 | 210.45/ردا | PLD00286029 | 28/07/2025 | 12/11/2013 | كتب | |||||
| Dewey Decimal Classification | مكتبة الحسن العامة | مكتبة الحسن العامة | الإعارة | 28/07/2025 | 210.45/ردا | 633712 | 28/07/2025 | 28/07/2025 | كتب | ||||||
| Dewey Decimal Classification | مكتبة النصر العامة | مكتبة النصر العامة | الإعارة | 15/12/2014 | 633718 | 210.45/ردا | PLD00312205 | 28/07/2025 | 15/12/2014 | كتب | |||||
| Dewey Decimal Classification | مكتبة صويلح العامة | مكتبة صويلح العامة | الإعارة | 16/07/2015 | 633708 | 210.45/ردا | PLD00340429 | 28/07/2025 | 16/07/2015 | كتب | |||||
| Dewey Decimal Classification | مكتبة وادي السير العامة | مكتبة وادي السير العامة | الإعارة | 28/07/2025 | 633712 | 210.45/ردا | 633717 | 28/07/2025 | 28/07/2025 | كتب |